Hey, Dummy /

Despite the opposition of his family and friends, Neil befriends the brain-damaged boy newly-arrived in the neighborhood.

Bibliographic Details
Main Author: Platt, Kin
Format: Book
Language:English
Published: New York, N.Y. : Dell, 1973
Subjects:

MARC

Tag First Indicator Second Indicator Subfields
LEADER 00000cam a2200000 a 4500
001 in00000093000
005 20150923173457.0
008 771122c1973 nyu 00010 eng d
020 |a 0440935482 
035 |a (OCoLC)03439663 
035 |9 AAK8021AM 
040 |a IQU  |c IQU  |d m.c.  |d UtOrBLW 
049 |a [Curr Col] TXAM  |c [1673732] 
090 |a PZ7 P7125  |b  He 1981 
100 1 |a Platt, Kin. 
245 1 0 |a Hey, Dummy /  |c by Kin Platt. 
264 1 |a New York, N.Y. :  |b Dell,  |c 1973 
264 3 |c 1981 printing 
264 4 |c ©1971 
300 |a 171 pages ;  |c 19 cm. 
336 |a text  |b txt  |2 rdacontent 
337 |a unmediated  |b n  |2 rdamedia 
338 |a volume  |b nc  |2 rdacarrier 
520 |a Despite the opposition of his family and friends, Neil befriends the brain-damaged boy newly-arrived in the neighborhood. 
650 1 |a People with mental disabilities  |v Fiction. 
650 1 |a Friendship  |x Fiction. 
999 |a MARS 
999 f f |s baf609cd-5aa8-3fa3-bc86-d424380b858d  |i 21e80106-9d68-3d80-9f3a-1f01ecc51461  |t 0 
952 f f |p ric  |a Texas A&M University  |b Rellis Campus  |c Joint Library Facility  |d Remote Storage  |t 0  |e PZ7 P7125 He 1981  |h Library of Congress classification  |i unmediated -- volume  |m A14806012329 
998 f f |a PZ7 P7125 He 1981  |t 0  |l Remote Storage